000 00749nam a22002417a 4500
005 20170124110205.0
010 _aA-952483
020 _c00.00
_a817224116X
035 _aA-952483
037 _bCen Lib/Ret
040 _aDPL
_bEN
082 _a005.43
_bCOX
100 _aCox, Joyce
_936984
245 _aA quick course in DOS, version 5 /
_cby Joyce Cox [and] Kjell Swedin
260 _aMumbai
_bJaico Publishing House
_c1993
270 _bMumbai
_a121 Mahatama Gandhi Road
_e400 023
300 _av,152p. :
_c24cm(Hb)
_bill.
500 _aIncludes index
650 _aOperating systems (Computers)
_914601
650 _aMS-DOS (Computer file)
_936985
700 _aSwedin, Kjell
_936986
942 _2ddc
_cEN
_h005.43
_mCOX
999 _c133152
_d133152